000 01087cam a2200289 4500
001
008 #DATE n2002 000 0 eng u
020 _a0471237531
035 _a(Sirsi) u120966
041 _aeng
050 _a657.73
_c18
100 _aMard, Michael J.
245 _aValuation for financial reporting: intangible assets, goodwill, and impairment analysis, SFAS 141 and 142
260 _aNew York
_bWiley
_c2002
300 _axviii, 174p.
_c25cm.
350 _a45
520 _aAn American text which provides guidance on the identification, measurement, and management of intangible assets and goodwill pursuant to the Financial Accounting Standards Board Statements of Financial Accounting Standards (SFAS) No. 141, 'Business combinations', and No. 142 'Goodwill and other intangible assets'.
650 _aACCOUNTING STANDARDS
650 _aGOODWILL
650 _aINTANGIBLES
650 _aValuation
_96273
690 _aRATING AND VALUATION
700 _aHitchner, James R.
700 _aHyden, Steven D.
700 _aZyla, Mark L.
942 _n0
999 _c102578
_d102578